[Event "Reykjavik Open"]
[Site "Reykjavik"]
[Date "1982.02.??"]
[Round "?"]
[White "Kaiszauri, Konstanty"]
[Black "Ivanovic, Bozidar"]
[Result "1/2-1/2"]
[WhiteElo "2395"]
[BlackElo "2485"]
[PlyCount "160"]
[EventDate "1982.02.??"]
[EventType "swiss"]
[EventRounds "11"]
[EventCountry "ISL"]
[SourceTitle "MCD"]
[Source "ChessBase"]
[SourceDate "1999.07.01"]
[SourceVersion "1"]
[SourceVersionDate "1999.07.01"]
[SourceQuality "1"]

1. c4 d6 2. Nc3 e5 3. g3 g6 4. Bg2 Bg7 5. d3 Nh6 6. Nf3 0-0 7. h4 f6 8. e4 Nd7 9. 0-0 c6 10. d4 Ng4 11. b3 f5 12. exf5 gxf5 13. dxe5 dxe5 14. Ba3 Re8 15. Ng5 Ndf6 16. Qxd8 Rxd8 17. Rad1 Re8 18. Rfe1 h6 19. f3 hxg5 20. hxg5 Nh6 21. gxh6 Bxh6 22. Bd6 e4 23. fxe4 Bg7 24. c5 fxe4 25. Nxe4 Bg4 26. Rc1 Nxe4 27. Rxe4 Rxe4 28. Bxe4 Re8 29. Re1 Re6 30. Kg2 a5 31. a3 Bd4 32. b4 a4 33. b5 Kg7 34. bxc6 bxc6 35. Bf4 Bxc5 36. Rc1 Bxa3 37. Rc4 Bd1 38. Bxc6 Bb3 39. Rxa4 Bc5 40. Ra6 Bc4 41. Bb5 Re2+ 42. Kf3 Bxb5 43. Ra5 Rf2+ 44. Ke4 Bc6+ 45. Kf5 Bd4 46. Ra6 Bb5 47. Rd6 Bc5 48. Rd5 Rc2 49. Be3 Bxe3 50. Rxb5 Rf2+ 51. Ke4 Bh6 52. Rb6 Bg5 53. Ra6 Rf1 54. Rb6 Bf6 55. Rb5 Kg6 56. Ra5 Bg5 57. Ra4 Kh5 58. Ke5 Bf6+ 59. Ke6 Kg5 60. Re4 Ra1 61. g4 Bc3 62. Rc4 Bd2 63. Rc2 Rd1 64. Rc4 Bf4 65. Rc5+ Kxg4 66. Rd5 Re1+ 67. Kd7 Be5 68. Ke6 Bg3+ 69. Kd7 Kf4 70. Rd3 Rg1 71. Rd2 Kf5 72. Kc6 Be5 73. Kd5 Rg8 74. Rf2+ Bf4 75. Rf1 Rd8+ 76. Kc5 Ke4 77. Re1+ Be3+ 78. Kc6 Rb8 79. Kc7 Rb2 80. Kd6 Rb6+ 1/2-1/2